000 00305nam a22001337a 4500
008 170808b xxu||||| |||| 00| 0 eng d
020 _a0894352423
041 _aeng
080 _a004
100 _a33
101 _aSHKI
245 _aTHE COMPLETE GUIDE TO SOFTWARE TESTING
_cHETZEL, B
942 _2udc
_cBK
999 _c22862
_d22862